000 00375nam a2200169Ia 4500
008 210210b1930 xxu||||| |||| 00| 0 eng d
041 _aeng
082 _a829/443
100 _aGIBBS (Philip)
245 _aBack of life
260 _aLondon
_bHutchinson & Co
_c1930
650 _aof
650 _alife
650 _aBack
690 _aEnglish Fiction
906 _a017047
999 _c137005
_d137005